[Event "Titled Tue 17th Jun Early"]
[Site "chess.com INT"]
[Date "2025.06.17"]
[Round "3"]
[White "Castillo Pena, Patricia Evarista"]
[Black "Caku, Kler"]
[Result "0-1"]
[WhiteTitle "WFM"]
[BlackTitle "WFM"]
[WhiteElo "1909"]
[BlackElo "2010"]
[WhiteFideId "6412106"]
[BlackFideId "4704703"]
[EventDate "2025.06.17"]

1. d4 d5 2. Nf3 e6 3. e3 Nf6 4. Bd3 c5 5. b3 Nc6 6. Bb2 cxd4 7. exd4 Bd6 8. O-O
Nb4 9. Be2 O-O 10. a3 Nc6 11. Bd3 Qc7 12. Re1 Re8 13. Ne5 b6 14. Nd2 Bb7 15. Rc1
Qe7 16. b4 Rac8 17. c4 dxc4 18. Ndxc4 Nb8 19. Nxd6 Qxd6 20. b5 Qd5 21. f3 Rxc1
22. Qxc1 Rc8 23. Qg5 Nbd7 24. Rd1 Qb3 25. Qd2 Nxe5 26. dxe5 Nd5 27. Be4 g6 28.
Rc1 Rd8 29. Qe2 Nf4 30. Qf1 Bxe4 31. fxe4 Qxb2 32. Qxf4 Qxb5 33. h4 Qd3 34. h5
Qd4+ 35. Kh2 Qd2 36. Qxd2 Rxd2 37. hxg6 hxg6 38. Rc8+ Kg7 39. Rc7 Re2 40. Rxa7
Rxe4 0-1

[Event "Titled Tue 17th Jun Early"]
[Site "chess.com INT"]
[Date "2025.06.17"]
[Round "3"]
[White "Melillo, Lucius"]
[Black "Emujin Enkh-Amgalan"]
[Result "0-1"]
[WhiteTitle "FM"]
[BlackTitle "WCM"]
[WhiteElo "2170"]
[BlackElo "2022"]
[WhiteFideId "30958245"]
[BlackFideId "4908023"]
[EventDate "2025.06.17"]

1. d4 Nf6 2. Nc3 d5 3. Bf4 c5 4. e3 e6 5. Nf3 Bd6 6. dxc5 Bxc5 7. Bd3 O-O 8. O-O
Bd6 9. Bxd6 Qxd6 10. e4 dxe4 11. Nxe4 Nxe4 12. Bxe4 Qxd1 13. Rfxd1 f5 14. Bd3 a6
15. Re1 b5 16. Nd4 Rf6 17. a4 b4 18. Bc4 Kf7 19. Rad1 Ra7 20. Nf3 Rc7 21. Ne5+
Ke7 22. Bb3 a5 23. Nc4 Nc6 24. Nd6 Ba6 25. Bc4 Bxc4 26. Nxc4 Rf8 27. b3 Rd7 28.
Rxd7+ Kxd7 29. Ne5+ Nxe5 30. Rxe5 Rc8 31. Re2 Kd6 32. Kf1 e5 33. Ke1 Rc3 34. f3
g5 35. Kd1 Rc5 36. Ke1 h5 37. g3 f4 38. gxf4 gxf4 39. Rg2 Kd5 40. Rd2+ Ke6 41.
Rg2 Rc3 42. Rf2 Kf5 43. Kd1 Re3 44. Kd2 e4 45. fxe4+ Kxe4 46. Kd1 f3 47. Rd2 Rc3
48. Rd8 Ke3 49. Re8+ Kf2 50. Kd2 Kg1 51. Rg8+ Kxh2 52. Rg5 h4 53. Rxa5 f2 54.
Rf5 Kg2 55. a5 f1=Q 56. Rxf1 Kxf1 0-1

[Event "Titled Tue 17th Jun Early"]
[Site "chess.com INT"]
[Date "2025.06.17"]
[Round "3"]
[White "Rathbone-Jones, Ifan"]
[Black "Uraev, Ivan"]
[Result "1-0"]
[WhiteTitle "CM"]
[BlackTitle "FM"]
[WhiteElo "2208"]
[BlackElo "2194"]
[WhiteFideId "1803859"]
[BlackFideId "4192443"]
[EventDate "2025.06.17"]

1. d4 Nf6 2. Nf3 e6 3. Bf4 b6 4. Nbd2 Bb7 5. e3 Be7 6. Bd3 h6 7. c3 d6 8. Qe2
Nh5 9. Bg3 a6 10. Rd1 Nd7 11. e4 b5 12. Nf1 Nb6 13. Ne3 g5 14. Ng4 Ng7 15. e5 h5
16. Nf6+ Bxf6 17. exf6 Qxf6 18. h4 g4 19. Ng5 Nf5 20. Bxf5 Qxf5 21. O-O O-O-O
22. Rfe1 Rhe8 23. Qd3 Qd5 24. f3 f6 25. Ne4 Rf8 26. Rd2 Qxa2 27. Qe2 Rde8 28.
Bxd6 cxd6 29. Nxd6+ Kc7 30. Nxe8+ Rxe8 31. fxg4 Nc4 32. Rc2 Qb3 33. Qf2 hxg4 34.
Rce2 Bd5 35. Qxf6 Nd6 36. h5 Qc4 37. h6 Qd3 38. Qg7+ Kc6 39. h7 Qg3 40. h8=Q
Rxh8 41. Qxh8 Kb6 42. Qh2 Qd3 43. Qxd6+ 1-0

[Event "Titled Tue 17th Jun Early"]
[Site "chess.com INT"]
[Date "2025.06.17"]
[Round "3"]
[White "Tulendinov, Dinmukhammed"]
[Black "Cuellar Montes, Alejandro"]
[Result "1/2-1/2"]
[WhiteTitle "FM"]
[BlackTitle "CM"]
[WhiteElo "2104"]
[BlackElo "2173"]
[WhiteFideId "13730860"]
[BlackFideId "32096836"]
[EventDate "2025.06.17"]

1. e4 e5 2. Nf3 Nc6 3. Bb5 a6 4. Ba4 Nf6 5. O-O Be7 6. Bxc6 dxc6 7. d3 Nd7 8.
Nbd2 f6 9. Nc4 Nc5 10. b3 Bg4 11. h3 Bxf3 12. Qxf3 O-O 13. Qg3 Ne6 14. Bb2 a5
15. a4 Kh8 16. Ne3 Nf4 17. Qf3 Bc5 18. Rfd1 Qe8 19. Nf5 g6 20. Ng3 Rd8 21. Ne2
Nxe2+ 22. Qxe2 Qe6 23. Kh1 Bd4 24. Bxd4 Rxd4 25. Rf1 g5 26. Qd2 b6 27. Kh2 Kg7
28. Rae1 Rfd8 29. g3 h6 30. f4 c5 31. fxe5 Qxe5 32. Rf5 Qe7 33. Qf2 R4d6 34. e5
fxe5 35. Rfxe5 Qf6 36. Re7+ Kg6 37. Qg2 Qd4 38. R1e6+ Rxe6 39. Rxe6+ Kf7 40. Re2
Rd6 41. Qf2+ Rf6 42. Qxd4 cxd4 43. Kg2 Re6 44. Rxe6 Kxe6 45. Kf3 Kf5 46. Ke2 c5
47. Kf3 h5 48. g4+ hxg4+ 49. hxg4+ Ke5 50. Kg3 Kd5 51. Kg2 Ke5 52. Kg3 Kd5 53.
Kf3 Ke5 54. Kg3 1/2-1/2

[Event "Titled Tue 17th Jun Early"]
[Site "chess.com INT"]
[Date "2025.06.17"]
[Round "3"]
[White "Deboushnik De"]
[Black "Terry, Renato"]
[Result "0-1"]
[WhiteTitle "CM"]
[BlackTitle "IM"]
[WhiteElo "2272"]
[BlackElo "2508"]
[WhiteFideId "25768778"]
[BlackFideId "3803457"]
[EventDate "2025.06.17"]

1. e4 e6 2. Nf3 d5 3. Nc3 Nf6 4. e5 Nfd7 5. d4 c5 6. dxc5 Nc6 7. Bf4 Nxc5 8. Bd3
a6 9. O-O h6 10. h3 b5 11. Ne2 g5 12. Be3 Nd7 13. Bd4 Bg7 14. Ng3 Nxd4 15. Nxd4
Nxe5 16. Nh5 O-O 17. Nxg7 Kxg7 18. f4 gxf4 19. Rxf4 Qg5 20. Rf2 Qe3 21. Ne2 Nxd3
22. cxd3 e5 23. Kf1 Qb6 24. Ng3 f5 25. Qe2 Qd6 26. Re1 e4 27. Nh5+ Kh7 28. Nf4
Be6 29. Qh5 Rf6 30. dxe4 fxe4 31. g3 Raf8 32. Rc1 e3 33. Re2 d4 34. Kg1 Rg8 35.
Nxe6 Rxe6 36. Qf7+ Rg7 37. Qf5+ Reg6 38. Kh1 Qxg3 39. Rec2 d3 40. Rh2 e2 0-1

[Event "Titled Tue 17th Jun Early"]
[Site "chess.com INT"]
[Date "2025.06.17"]
[Round "3"]
[White "Miserendino, Alfredo"]
[Black "Chiappero, Julio Alfredo"]
[Result "0-1"]
[BlackTitle "FM"]
[WhiteElo "2032"]
[BlackElo "2238"]
[WhiteFideId "101800"]
[BlackFideId "139998"]
[EventDate "2025.06.17"]

1. e4 c5 2. Nf3 e6 3. d4 cxd4 4. Nxd4 Nc6 5. Nxc6 bxc6 6. c4 Bb4+ 7. Bd2 Qb6 8.
Nc3 Nf6 9. Bd3 d5 10. cxd5 cxd5 11. Bb5+ Bd7 12. Bxd7+ Nxd7 13. exd5 O-O 14. O-O
Ne5 15. a3 Be7 16. b4 Rfd8 17. Be3 Qc7 18. Rc1 Rac8 19. Bf4 Bf6 20. Ne4 Qe7 21.
Rxc8 Rxc8 22. d6 Qd8 23. Re1 Ng6 24. Bg3 e5 25. Nc5 Rc6 26. d7 Be7 27. h4 Bxc5
28. bxc5 Rxc5 29. h5 Nf8 30. Qd6 Rc7 31. h6 Rxd7 32. Qxe5 gxh6 33. Qf4 Ng6 34.
Qxh6 Rd1 35. Rxd1 Qxd1+ 36. Kh2 Qd5 37. Qh3 Kg7 38. Qg4 a5 39. a4 h5 40. Qe2 Qg5
41. Bc7 h4 42. Qb2+ Kh7 43. Qb5 Qe7 0-1

[Event "Titled Tue 17th Jun Early"]
[Site "chess.com INT"]
[Date "2025.06.17"]
[Round "3"]
[White "Dragnev, Valentin"]
[Black "Elier, Ali"]
[Result "0-1"]
[WhiteTitle "GM"]
[BlackTitle "CM"]
[WhiteElo "2547"]
[BlackElo "2142"]
[WhiteFideId "1634852"]
[BlackFideId "16217543"]
[EventDate "2025.06.17"]

1. e4 e5 2. Nf3 Nc6 3. Bc4 Nf6 4. d3 Bc5 5. a4 a5 6. Be3 Bxe3 7. fxe3 d5 8. exd5
Nxd5 9. Qd2 Be6 10. Nc3 O-O 11. O-O Nxc3 12. Bxe6 Nd5 13. Bh3 Qd6 14. Ng5 Nf6
15. Rf2 h6 16. Nf3 e4 17. Nh4 exd3 18. Nf5 Qe5 19. cxd3 Rad8 20. Qe2 Rfe8 21.
Raf1 Nd4 22. Nxd4 Rxd4 23. Rf3 Rxa4 24. d4 Rxd4 25. Qe1 Re4 26. Qc1 Rxe3 27.
R3f2 Rb3 28. Qc2 Rb4 29. g3 Ne4 30. Re2 Qd4+ 31. Kh1 Qd5 32. Bg2 f5 33. Rfe1 Re7
34. Qc1 Kh7 35. Qf4 Qe5 36. Qf3 Rxb2 37. Bh3 Rxe2 38. Bxf5+ g6 39. Bxg6+ Kxg6
40. Rxe2 Nxg3+ 0-1

[Event "Titled Tue 17th Jun Early"]
[Site "chess.com INT"]
[Date "2025.06.17"]
[Round "3"]
[White "Ivashentseva, Dominika"]
[Black "Roebers, Jan"]
[Result "0-1"]
[WhiteTitle "WCM"]
[BlackTitle "FM"]
[WhiteElo "1969"]
[BlackElo "2056"]
[WhiteFideId "34331050"]
[BlackFideId "1007815"]
[EventDate "2025.06.17"]

1. d4 Nf6 2. c4 g6 3. Nc3 Bg7 4. e4 d6 5. Nf3 O-O 6. Be2 Na6 7. O-O e5 8. Be3
Qe8 9. dxe5 dxe5 10. c5 Be6 11. Bxa6 bxa6 12. Qe2 Nd7 13. Qxa6 f5 14. Ng5 Rf6
15. Nxe6 Rxe6 16. Qb7 f4 17. Bd2 Nxc5 18. Qxc7 Rc6 19. Qa5 f3 20. gxf3 Ne6 21.
Be3 Qf7 22. Ne2 Qxf3 23. Ng3 h5 24. Qd5 Rac8 25. Qd1 Qf7 26. f3 h4 27. Nh1 Kh7
28. Qe1 Qf6 29. Nf2 Bh6 30. Ng4 Bxe3+ 31. Qxe3 Qf8 32. Nxe5 Rc2 33. Rf2 Nf4 34.
Rxc2 Rxc2 35. Ng4 Nh3+ 36. Kh1 Kg8 37. Rf1 g5 38. Qxg5+ Nxg5 39. f4 Nh3 40. Ne5
Kg7 41. Rf3 Nxf4 0-1

[Event "Titled Tue 17th Jun Early"]
[Site "chess.com INT"]
[Date "2025.06.17"]
[Round "3"]
[White "Alonso, Raphael V. P. Patricio"]
[Black "Ernst, Sipke"]
[Result "0-1"]
[BlackTitle "GM"]
[WhiteElo "2130"]
[BlackElo "2518"]
[WhiteFideId "2108585"]
[BlackFideId "1004689"]
[EventDate "2025.06.17"]

1. Nf3 d5 2. b3 Bf5 3. Bb2 e6 4. e3 h6 5. d4 Nf6 6. Bd3 Bxd3 7. Qxd3 Nbd7 8. O-O
Bd6 9. Nbd2 c6 10. c4 O-O 11. e4 Nxe4 12. Nxe4 dxe4 13. Qxe4 Re8 14. Rad1 Qc7
15. Ne5 Nxe5 16. dxe5 Bc5 17. Rd3 Rad8 18. Rfd1 a5 19. g3 Qb6 20. Qe2 Rxd3 21.
Rxd3 Rd8 22. Rxd8+ Qxd8 23. Kg2 g6 24. Bc1 h5 25. h4 Qd7 26. Bg5 Qd4 27. Bf6 Kf8
28. Qc2 Ke8 29. Qe2 Kd7 30. Bg5 Kc7 31. Qf3 Qd7 32. Be3 Bxe3 33. Qxe3 b6 34. Qc3
Kb7 35. Qf3 Ka6 36. Kg1 b5 37. cxb5+ cxb5 38. Qa8+ Kb6 39. Qb8+ Kc5 40. Qa8 Kb4
41. Qf3 Ka3 42. Qe2 Qd5 43. f4 b4 44. Kh2 Qd4 45. Qa6 Qb2+ 46. Kh3 Qxa2 47.
Qxa5+ Kxb3 48. Qc7 Qe2 49. Qxf7 Qg4+ 50. Kg2 Kb2 51. Qb7 b3 52. Qb4 Qe2+ 53. Kh3
Qe3 54. Qa4 Qf3 55. Kh2 Qf2+ 0-1

[Event "Titled Tue 17th Jun Early"]
[Site "chess.com INT"]
[Date "2025.06.17"]
[Round "3"]
[White "Shubhi Gupta"]
[Black "Brady, Tyson"]
[Result "1/2-1/2"]
[WhiteTitle "WFM"]
[BlackTitle "CM"]
[WhiteElo "2188"]
[BlackElo "2170"]
[WhiteFideId "25195425"]
[BlackFideId "30970369"]
[EventDate "2025.06.17"]

1. d4 Nf6 2. Nf3 c5 3. d5 g6 4. c4 b5 5. cxb5 a6 6. e3 Bg7 7. Nc3 O-O 8. a4 axb5
9. Bxb5 Ba6 10. O-O Bxb5 11. Nxb5 d6 12. Bd2 Nxd5 13. Qc2 Nc6 14. Qe4 e6 15. Bc3
Nxc3 16. bxc3 d5 17. Qc2 Na5 18. Rfd1 f5 19. Ra3 Nc4 20. Ra2 Qe7 21. Rda1 Rfb8
22. h3 e5 23. Nd2 Na5 24. c4 d4 25. exd4 cxd4 26. c5 e4 27. Nb3 d3 28. Qd1 Bxa1
29. Rxa1 Nxb3 30. Qxb3+ Kg7 31. c6 e3 32. Qxd3 exf2+ 33. Kf1 Rd8 34. Qc3+ Kg8
35. c7 Re8 36. Kxf2 Qe2+ 37. Kg1 Rac8 38. Rc1 f4 39. Nd6 Re3 40. Qc5 Rg3 41.
Qd5+ Kg7 42. Qd4+ Kg8 43. Qd5+ Kh8 44. Qd4+ Kg8 45. Qd5+ 1/2-1/2

[Event "Titled Tue 17th Jun Early"]
[Site "chess.com INT"]
[Date "2025.06.17"]
[Round "3"]
[White "Vihaan Dumir"]
[Black "Shevchenko, Yaroslav"]
[Result "0-1"]
[WhiteTitle "CM"]
[WhiteElo "2230"]
[BlackElo "2179"]
[WhiteFideId "25901010"]
[BlackFideId "34144684"]
[EventDate "2025.06.17"]

1. d4 e6 2. Bf4 c5 3. e3 Qb6 4. Nc3 Nf6 5. Nb5 Nd5 6. Bg3 a6 7. c4 axb5 8. cxd5
cxd4 9. dxe6 Bb4+ 10. Ke2 dxe6 11. Qxd4 Qxd4 12. exd4 Nc6 13. Nf3 O-O 14. Ke3
Ra5 15. Bd3 Be7 16. h4 b4 17. h5 h6 18. Bc7 Ra8 19. g4 Bd7 20. Rhg1 Rfc8 21. Bf4
f6 22. Nh4 f5 23. Ng6 Bf6 24. Ne5 Bxe5 25. dxe5 Ra5 26. gxf5 Nxe5 27. Bxh6 exf5
28. Rxg7+ Kh8 29. Rag1 Re8 30. Rxd7 Nxd7+ 31. Kf4 Re7 32. Rg5 Ne5 33. Bxf5 Rf7
34. Ke4 Nc6 35. f4 Re7+ 36. Kf3 Nd4+ 37. Kg4 Nxf5 38. Rxf5 Rxf5 39. Kxf5 Re2 40.
Kf6 Rxb2 41. f5 Rxa2 42. Kf7 Kh7 43. Bg7 b3 0-1

[Event "Titled Tue 17th Jun Early"]
[Site "chess.com INT"]
[Date "2025.06.17"]
[Round "3"]
[White "Tin, Jingyao"]
[Black "Iskusnyh, Sergei"]
[Result "1/2-1/2"]
[WhiteTitle "GM"]
[BlackTitle "GM"]
[WhiteElo "2583"]
[BlackElo "2440"]
[WhiteFideId "5804418"]
[BlackFideId "4120027"]
[EventDate "2025.06.17"]

1. d4 d5 2. c4 c6 3. Nf3 Nf6 4. Nc3 e6 5. Bg5 Nbd7 6. e3 h6 7. Bh4 Be7 8. a3 O-O
9. Rc1 b6 10. cxd5 cxd5 11. Bd3 Bb7 12. O-O Ne4 13. Bxe7 Qxe7 14. Na2 Rfc8 15.
Qa4 Nd6 16. h3 Nc4 17. Rc2 a5 18. Rfc1 Bc6 19. Qb3 b5 20. Qc3 Bb7 21. Qe1 Qd6
22. Qe2 Qb6 23. h4 Kf8 24. h5 Nf6 25. Ne5 Nxe5 26. Rxc8+ Rxc8 27. Rxc8+ Bxc8 28.
dxe5 Nd7 29. Bxb5 Nxe5 30. Nc3 Bd7 31. a4 Qc5 32. Bxd7 Nxd7 33. Qa6 Qb4 34. Qc8+
Ke7 35. Qg8 Qxb2 36. Qxg7 Nf6 37. Nb5 Qb1+ 38. Kh2 Qf5 39. Qg3 Qxh5+ 40. Kg1
Qd1+ 41. Kh2 Qh5+ 42. Kg1 Qd1+ 43. Kh2 Qh5+ 1/2-1/2

[Event "Titled Tue 17th Jun Early"]
[Site "chess.com INT"]
[Date "2025.06.17"]
[Round "3"]
[White "Sethuraman, Roshan"]
[Black "Donchenko, Alexander"]
[Result "0-1"]
[BlackTitle "GM"]
[WhiteElo "2074"]
[BlackElo "2613"]
[WhiteFideId "30965250"]
[BlackFideId "24603295"]
[EventDate "2025.06.17"]

1. e4 c6 2. Nf3 d5 3. Nc3 dxe4 4. Nxe4 Nf6 5. Qe2 Nxe4 6. Qxe4 Nd7 7. Bc4 Nf6 8.
Ne5 e6 9. Qe2 b5 10. Bd3 Qc7 11. a4 b4 12. b3 Bd6 13. Bb2 Nd5 14. g3 O-O 15.
O-O-O f6 16. Nc4 Bc5 17. Rde1 e5 18. h4 Bd7 19. h5 Rae8 20. Qe4 f5 21. Qg2 e4
22. Be2 h6 23. Ne3 Be6 24. Bc4 Kh8 25. Kb1 Nxe3 26. fxe3 Bxc4 27. bxc4 Bd6 28.
g4 Be5 29. g5 Bxb2 30. Kxb2 Re6 31. gxh6 Rxh6 32. Reg1 c5 33. Qg5 Qd7 34. Rh2
Rf7 35. Rhg2 Qxa4 36. Qd8+ Kh7 37. Qd5 Qe8 38. Qxc5 Qe6 39. Qd4 Qf6 40. Qxf6
Rhxf6 41. Rg5 a5 42. Kb3 Rd6 43. R1g2 Kh6 44. c5 Rxd2 45. Rg6+ Kxh5 46. R6g5+
Kh4 47. Rxg7 Rxg7 48. Rxg7 Re2 49. c6 Rxe3+ 50. Kc4 Rc3+ 51. Kb5 e3 52. Re7 f4
53. c7 Kg3 54. Kb6 Rxc2 55. Kb7 Kf2 56. Re6 Rxc7+ 0-1

[Event "Titled Tue 17th Jun Early"]
[Site "chess.com INT"]
[Date "2025.06.17"]
[Round "3"]
[White "Pontes, Luiz Felizola Lima"]
[Black "Deveci, Huseyin Said"]
[Result "0-1"]
[BlackTitle "CM"]
[WhiteElo "2062"]
[BlackElo "2212"]
[WhiteFideId "44709919"]
[BlackFideId "26322455"]
[EventDate "2025.06.17"]

1. e4 e5 2. Nf3 Nc6 3. Bb5 a6 4. Ba4 Nf6 5. O-O b5 6. Bb3 Be7 7. Re1 O-O 8. c3
d5 9. exd5 Nxd5 10. d3 Bg4 11. h3 Bh5 12. Nbd2 Nf4 13. Bc2 Nxd3 14. Bxd3 Qxd3
15. Re3 Qd5 16. Qc2 Bc5 17. Rd3 Qe6 18. Ne4 Be7 19. Bg5 Bg6 20. Bxe7 Bxe4 21.
Bxf8 Bxd3 22. Qxd3 e4 23. Qe3 exf3 24. Qxe6 fxe6 25. Bc5 fxg2 26. Kxg2 Rd8 27.
Re1 Kf7 28. Re2 Rd5 29. Be3 e5 30. c4 bxc4 31. Rc2 Ke6 32. Rxc4 Kd7 33. Ra4 a5
34. Rg4 g6 35. Rh4 h5 36. Rc4 Nd4 37. Bxd4 exd4 38. Kf3 d3 39. Rc1 Kd6 40. Ke3
c5 41. Kd2 Ke5 42. Rg1 Kf5 43. a3 c4 44. h4 Rd4 45. Rg5+ Kf6 46. Rxa5 Rxh4 47.
Ra6+ Kf5 48. Ra5+ Kf6 49. Ra6+ Kg7 50. Rd6 Rf4 51. a4 Rxf2+ 52. Ke3 Rxb2 53. Kf3
Ra2 54. Ra6 c3 55. Ra7+ Kh6 56. Ke3 d2 57. Re7 0-1

[Event "Titled Tue 17th Jun Early"]
[Site "chess.com INT"]
[Date "2025.06.17"]
[Round "3"]
[White "Rosen, Eric"]
[Black "Deac, Bogdan-Daniel"]
[Result "0-1"]
[WhiteTitle "IM"]
[BlackTitle "GM"]
[WhiteElo "2377"]
[BlackElo "2674"]
[WhiteFideId "2032562"]
[BlackFideId "1226380"]
[EventDate "2025.06.17"]

1. d4 Nf6 2. Bf4 d5 3. Nf3 c5 4. e3 Nc6 5. Nbd2 Nh5 6. Be5 e6 7. Bb5 Bd7 8. c4
cxd4 9. exd4 dxc4 10. O-O Be7 11. Nxc4 Nxe5 12. Nfxe5 Bxb5 13. Qxh5 O-O 14. Rfc1
Be8 15. Qg4 Rc8 16. b3 Rc7 17. Rd1 Kh8 18. Nf3 Bc6 19. Nce5 Bd5 20. Rac1 Ba3 21.
Rxc7 Qxc7 22. Qh5 Kg8 23. Ng5 h6 24. Ngf3 Bd6 25. Qg4 Qc2 26. Rf1 Rd8 27. Nc4
Bxc4 28. bxc4 Qxc4 29. Rd1 Qxa2 30. Qe4 Qd5 31. Qb1 b5 32. h4 a5 33. Rc1 a4 34.
Qa1 a3 35. Rb1 b4 36. Nd2 Rc8 37. Nb3 Rc3 38. Nd2 b3 39. Qxc3 b2 40. Qc2 Qb5 41.
Nb3 Qa4 42. Rxb2 axb2 43. Qxb2 Qc4 44. Nd2 Qe2 45. Nf3 Qd1+ 46. Ne1 Qxe1# 0-1

[Event "Titled Tue 17th Jun Early"]
[Site "chess.com INT"]
[Date "2025.06.17"]
[Round "3"]
[White "Zakirov, Musa"]
[Black "Garcia Correa, Jose Ricardo"]
[Result "1-0"]
[WhiteTitle "FM"]
[BlackTitle "FM"]
[WhiteElo "2209"]
[BlackElo "2103"]
[WhiteFideId "44189222"]
[BlackFideId "5101832"]
[EventDate "2025.06.17"]

1. e4 e5 2. Nf3 Nc6 3. Bc4 Bc5 4. O-O d6 5. d3 h6 6. c3 Qf6 7. Be3 Nge7 8. Nbd2
O-O 9. a4 a6 10. h3 Ng6 11. b4 Ba7 12. Kh2 Nf4 13. Rg1 Bd7 14. Nf1 Rfd8 15. Bxa7
Nxa7 16. Ne3 c6 17. a5 Nc8 18. Bb3 Ne7 19. d4 Neg6 20. Ra2 Be8 21. Bc4 d5 22.
exd5 cxd5 23. Bf1 e4 24. Ne1 Ne6 25. g3 Nc7 26. Rd2 Rac8 27. h4 Nb5 28. Bxb5
Bxb5 29. Qc1 Rc7 30. N1g2 Qe6 31. h5 Bd7 32. Rh1 Ne7 33. Nf4 Qc6 34. Qb2 Nf5 35.
Nfxd5 Nxe3 36. Ne7+ Kf8 37. Nxc6 Ng4+ 38. Kg2 Bxc6 39. d5 Rxd5 40. Rxd5 Bxd5 41.
Rd1 Bc6 42. Rd8+ Ke7 43. Rd4 e3+ 44. f3 Ne5 45. b5 Bxf3+ 46. Kg1 e2 47. Kf2 Bxh5
48. Qb4+ Ke6 49. Qd6+ Kf5 50. Rf4+ Kg5 51. Qxe5+ f5 52. Qxf5# 1-0

[Event "Titled Tue 17th Jun Early"]
[Site "chess.com INT"]
[Date "2025.06.17"]
[Round "3"]
[White "Pakleza, Zbigniew"]
[Black "Villa Tornero, Alex"]
[Result "1-0"]
[WhiteTitle "GM"]
[BlackTitle "FM"]
[WhiteElo "2484"]
[BlackElo "2211"]
[WhiteFideId "1119290"]
[BlackFideId "54501091"]
[EventDate "2025.06.17"]

1. d4 Nf6 2. Nf3 e6 3. Bf4 c5 4. c3 b6 5. e3 Bb7 6. Nbd2 Be7 7. h3 O-O 8. Bd3 d6
9. O-O a6 10. Qe2 Nbd7 11. e4 cxd4 12. cxd4 b5 13. Rad1 Rc8 14. Bg3 Nh5 15. Bh2
g6 16. a3 Nb6 17. g4 Ng7 18. e5 dxe5 19. dxe5 Qd5 20. Be4 Qd7 21. Bxb7 Qxb7 22.
Ne4 Rc6 23. Qe3 f5 24. exf6 Bxf6 25. Nxf6+ Rxf6 26. Rd8+ Rf8 27. Rxf8+ Kxf8 28.
Qh6 Kg8 29. Rd1 Nd5 30. Ng5 Ne8 31. Be5 Qe7 32. h4 Nef6 33. f3 Rc2 34. Ne4 Nxe4
35. fxe4 Nf6 36. Qg5 Qc5+ 37. Bd4 Qxg5 38. hxg5 Nxe4 39. Be3 Rc7 40. Rd4 Nc5 41.
Rd6 Kf7 42. b4 Nd7 43. Rxa6 Ne5 44. Bf4 Rc1+ 45. Bxc1 1-0

[Event "Titled Tue 17th Jun Early"]
[Site "chess.com INT"]
[Date "2025.06.17"]
[Round "3"]
[White "Nurgaliyev, Sauat"]
[Black "Dwilewicz, Katarzyna"]
[Result "1/2-1/2"]
[WhiteTitle "IM"]
[BlackTitle "WFM"]
[WhiteElo "2404"]
[BlackElo "2198"]
[WhiteFideId "13726285"]
[BlackFideId "1148486"]
[EventDate "2025.06.17"]

1. Nf3 c5 2. g3 Nc6 3. Bg2 e5 4. e4 Nf6 5. Nc3 g6 6. d3 Bg7 7. Bg5 h6 8. Be3 d6
9. Qd2 Ng4 10. Nd5 Nxe3 11. fxe3 Be6 12. c4 a6 13. a3 O-O 14. b4 f5 15. Nh4 Kh7
16. O-O Ne7 17. bxc5 dxc5 18. Rab1 Rb8 19. exf5 gxf5 20. Nxe7 Qxe7 21. Nxf5 Qd7
22. Be4 Kh8 23. Nxg7 Rxf1+ 24. Rxf1 Kxg7 25. Qb2 Qd6 26. Qf2 Qe7 27. Qf3 b5 28.
Bd5 b4 29. axb4 cxb4 30. Qe4 Bxd5 31. cxd5 b3 32. Qg4+ Kh8 33. Qg6 Qg7 34. Qxa6
b2 35. Qa2 e4 36. dxe4 Qc3 37. Rb1 Qxe3+ 38. Kg2 Qxe4+ 39. Kh3 Qf5+ 40. Kg2 Qc2+
41. Kh3 Qc8+ 42. Kg2 Qc2+ 43. Kh3 Qf5+ 44. Kg2 Qe4+ 45. Kg1 Qe3+ 46. Kg2 Qe4+ 1/2-1/2

[Event "Titled Tue 17th Jun Early"]
[Site "chess.com INT"]
[Date "2025.06.17"]
[Round "3"]
[White "Indjic, Aleksandar"]
[Black "Toktomushev, Teimur"]
[Result "1-0"]
[WhiteTitle "GM"]
[BlackTitle "FM"]
[WhiteElo "2661"]
[BlackElo "2390"]
[WhiteFideId "911925"]
[BlackFideId "14176726"]
[EventDate "2025.06.17"]

1. c4 e6 2. g3 d5 3. Bg2 Nf6 4. Nf3 Be7 5. O-O O-O 6. d4 c6 7. Qc2 b6 8. Nbd2
Ba6 9. b3 Nbd7 10. e4 c5 11. e5 Ne8 12. Rd1 Rc8 13. cxd5 exd5 14. Qf5 Nc7 15.
Nf1 Ne6 16. Ne3 Bb7 17. Bb2 Re8 18. dxc5 Ndxc5 19. Nd4 g6 20. Qg4 h5 21. Qe2 Qd7
22. Qe1 Red8 23. h4 Bf8 24. Bh3 Bg7 25. Ng2 Qe7 26. Qe3 Rc7 27. Nf4 Nxf4 28.
gxf4 Bc8 29. Bxc8 Rdxc8 30. Nb5 Rd7 31. Qf3 Qxh4 32. Rac1 Re8 33. Kg2 a6 34. Nd4
Ne6 35. Nxe6 fxe6 36. Rh1 Qe7 37. Rc6 Qf7 38. Qg3 Rf8 39. Bc1 Qf5 40. Rxb6 Qe4+
41. Qf3 Qxf3+ 42. Kxf3 Re7 43. Rg1 Bxe5 44. Rxg6+ Kf7 45. Rg5 Bd4 46. Rxa6 Rc7
47. Be3 Bf6 48. Rxh5 Kg6 49. Rh1 d4 50. Bd2 Rc2 51. Ke2 Rfc8 52. Kd3 Rb2 53. Rc1
Rxc1 54. Bxc1 Rxf2 55. Ke4 Re2+ 56. Kd3 Re1 57. Bd2 Rh1 58. Rxe6 Kf5 59. Re2
Rh3+ 60. Kc4 d3 61. Rg2 Ke4 62. Rg6 Ba1 63. Re6+ Kf5 64. Re8 1-0

[Event "Titled Tue 17th Jun Early"]
[Site "chess.com INT"]
[Date "2025.06.17"]
[Round "3"]
[White "Venkatesh, Narayan"]
[Black "Zoar Haque, Prodhan"]
[Result "1-0"]
[WhiteTitle "FM"]
[BlackTitle "CM"]
[WhiteElo "2168"]
[BlackElo "1946"]
[WhiteFideId "30987881"]
[BlackFideId "10207473"]
[EventDate "2025.06.17"]

1. Nf3 d5 2. e3 c5 3. c4 e6 4. cxd5 exd5 5. b3 Nf6 6. Bb2 Be7 7. d4 b6 8. Nbd2
O-O 9. Bd3 Nc6 10. O-O Bg4 11. h3 Bh5 12. dxc5 bxc5 13. Rc1 Rc8 14. Bb1 d4 15.
exd4 cxd4 16. Nc4 Bc5 17. a3 a5 18. Qd3 Bg6 19. Qd2 Bxb1 20. Rxb1 Qd5 21. Rbc1
Ba7 22. Rfd1 Ne4 23. Qd3 f5 24. Ne3 Qf7 25. Nxd4 Rfd8 26. Rc4 Nc5 27. Qc2 Ne5
28. Rc3 f4 29. Nc4 Nxc4 30. Rxc4 Rd5 31. b4 axb4 32. axb4 Rcd8 33. bxc5 Bb8 34.
f3 Qc7 35. c6 Ba7 36. Kh1 h6 37. Qb3 Kh8 38. Rd3 Qe5 39. Qd1 Qd6 40. c7 Rc8 41.
Qc2 Bxd4 42. Rdxd4 Rxd4 43. Rxd4 Qxc7 44. Qxc7 Rxc7 45. Rxf4 Kh7 46. Rg4 Rb7 47.
Bxg7 Rxg7 48. Rxg7+ Kxg7 49. Kh2 Kf6 50. Kg3 Kf5 51. h4 h5 52. Kh3 Kf4 53. g4
hxg4+ 54. fxg4 1-0

[Event "Titled Tue 17th Jun Early"]
[Site "chess.com INT"]
[Date "2025.06.17"]
[Round "3"]
[White "Rogov, Matfey"]
[Black "Peatman, Carter"]
[Result "1-0"]
[WhiteTitle "FM"]
[WhiteElo "2348"]
[BlackElo "2082"]
[WhiteFideId "44191308"]
[BlackFideId "2096480"]
[EventDate "2025.06.17"]

1. f4 d5 2. Nf3 g6 3. g3 Bg7 4. Bg2 c5 5. O-O Nc6 6. d3 Nf6 7. Nc3 d4 8. Na4 Nd7
9. c4 O-O 10. Bd2 Qc7 11. a3 a6 12. b4 cxb4 13. axb4 b5 14. cxb5 axb5 15. Nc5
Rxa1 16. Qxa1 Nxc5 17. bxc5 Bb7 18. Qb2 Na7 19. Qa3 Bd5 20. Rc1 Nc6 21. Rb1 Rb8
22. f5 e5 23. Nh4 Bxg2 24. Kxg2 Bf6 25. fxg6 hxg6 26. Nf3 Bg7 27. Qb3 Qb7 28.
Kg1 Bf6 29. Rf1 Kg7 30. Bg5 Bxg5 31. Nxg5 f5 32. h4 Qe7 33. Qd5 Nb4 34. Qb3 Na6
35. c6 Nc5 36. Qd5 Rd8 37. Qxc5 Qxc5 38. Ne6+ Kf6 39. Nxc5 Rc8 40. Rb1 Rxc6 41.
Rxb5 Kg7 42. Kg2 Kh6 43. Kf3 Rd6 44. Rb7 Rc6 45. Nd7 Rc1 46. Nf8 e4+ 47. Kg2 g5
48. Rh7# 1-0